Pekinské zlaté trio pridupľovala Dukátová Svetový pohár vo vodnom slalome - 2. kolo: Slováci deväťkrát na stupňoch víťazov!

Bibliographic Details
Main Author: Ježík, Ján (Author)
Format: Article
Language:Slovak
PhysicalDescription:Fotogr.
ISSN:0139-7001
Subjects:

MARC

LEADER 00000nab a2200000 ar4500
001 vtls009627668
003 SK-MaSNL
005 20260303060335.0
008 090714c20090706xo wr|p|||||||000 b|slo
015 |a SNBRB2009/08 
038 |a SNKBUCL 
040 |a SNKBUCL  |b slo  |c SNKBUCL  |e AACR2 
041 0 |a slo 
044 |a xo  |c SK 
080 |a 797.122.2/.3.093.1  |x (100)  |2 2001 
100 1 |a Ježík, Ján  |4 aut  |9 329107 
245 1 0 |a Pekinské zlaté trio pridupľovala Dukátová  |b Svetový pohár vo vodnom slalome - 2. kolo: Slováci deväťkrát na stupňoch víťazov!  |c Ján Ježík 
300 |b Fotogr. 
648 7 |a 2009  |2 snkbucl  |9 320114 
650 0 7 |a vodný slalom  |2 snkbucl  |9 74529 
650 0 7 |a Svetový pohár  |2 snkbucl  |9 842306 
650 0 7 |a 2. kolo  |2 snkbucl  |9 879640 
651 7 |a Čunovo (Bratislava V, Slovensko)  |2 snkbucl  |9 176221 
773 0 |t Šport  |g Roč. 63, č. 154 (6.7.2009), s. 32-33  |x 0139-7001 
852 |a SNK  |b KIS3GCP 
999 |c 1731021  |d 1732951